header

Learning SQL server 2008 reporting services (Record no. 246285)

MARC details
000 -LEADER
fixed length control field 01268nam a2200301 a 4500
100 1# - MAIN ENTRY--AUTHOR NAME
Personal name Krishnaswamy, Jayaram.
245 10 - TITLE STATEMENT
Title Learning SQL server 2008 reporting services
260 ## - PUBLICATION, DISTRIBUTION, ETC. (IMPRINT)
Place of publication Birmingham, U.K. :
Name of publisher Packt Pub.,
Year of publication 2009.
300 ## - PHYSICAL DESCRIPTION
Number of Pages xi, 512 p. :
Other physical details ill. (some col.)
650 #0 - SUBJECT ADDED ENTRY--TOPICAL TERM
Topical Term Client/server computing.
Topical Term Database management.
856 40 - ELECTRONIC LOCATION AND ACCESS
Uniform Resource Identifier http://site.ebrary.com/lib/rucke/Doc?id=10442957

No items available.

© 2026 Rongo University
Contact us: librarian | system librarian | Rongo university